User's manual for the Cropping Systems Analyzer version 1.0 /

Bibliographic Details
Main Authors: Coble, Keith H. (Keith Harlan) (Author), Knight, T. O. (Thomas Oneal), 1952- (Author), Kubiak, K. A. (Kathryn A.) (Author)
Format: Book
Language:English
Published: College Station, Texas : Department of Agricultural Economics, Texas A & M University, 1989.
Series:Faculty paper series ; FP 89-8.
Subjects:

MARC

Tag First Indicator Second Indicator Subfields
LEADER 00000cam a2200000Ii 4500
001 in00002785847
005 20180518150918.0
008 121221s1989 txu f s000 0 eng d
035 |a (OCoLC)ocn822561802 
040 |a TXA  |b eng  |e rda  |c TXA  |d OCLCA  |d OCLCQ  |d TXA 
035 |a (OCoLC)822561802 
050 4 |a HD1401  |b .F23 no. 89-8 
049 |a TXAM 
100 1 |a Coble, Keith H.  |q (Keith Harlan),  |e author. 
245 1 0 |a User's manual for the Cropping Systems Analyzer version 1.0 /  |c Keith H. Coble, Thomas O. Knight, and Kathryn A. Kubiak. 
264 1 |a College Station, Texas :  |b Department of Agricultural Economics, Texas A & M University,  |c 1989. 
300 |a ii, 37 leaves ;  |c 28 cm 
336 |a text  |b txt  |2 rdacontent 
337 |a unmediated  |b n  |2 rdamedia 
338 |a volume  |b nc  |2 rdacarrier 
490 1 |a Faculty paper series ;  |v FP 89-8 
500 |a "September 1989." 
650 0 |a Cropping systems  |x Decision making  |x Computer programs  |v Handbooks, manuals, etc. 
650 0 |a Agriculture  |x Computer programs  |v Handbooks, manuals, etc. 
655 7 |a Computer program documentation.  |2 dtict 
700 1 |a Knight, T. O.  |q (Thomas Oneal),  |d 1952-  |e author. 
700 1 |a Kubiak, K. A.  |q (Kathryn A.),  |e author. 
710 2 |a Texas A & M University.  |b Department of Agricultural Economics,  |e issuing body. 
830 0 |a Faculty paper series ;  |v FP 89-8. 
948 |a updated  |b h  |c 2018/05/18  |e zdobbs  |f 3:08:47 pm 
948 |a cataloged  |b h  |c 2012/12/21  |d o  |e nbehmer  |f 9:13:48 am 
994 |a C0  |b TXA 
999 f f |s 656821c0-bb19-3b8b-9a40-f83fee038a8b  |i 7d10e721-96f5-3dd8-a5f0-c43b1e7c2e43  |t 0 
952 f f |p noncirc  |a Texas A&M University  |b College Station  |c Cushing Memorial Library & Archives  |d Cushing: Texas A&M Publications (Remote Storage: 2-3 day retrieval)  |t 0  |e HD1401 .F23 no. 89-8  |h Library of Congress classification  |i unmediated -- volume 
998 f f |a HD1401 .F23 no. 89-8  |t 0  |l Cushing: Texas A&M Publications (Remote Storage: 2-3 day retrieval)